Ekonomie peněz, bankovnictví a finančních trhů.
Význam štúdia peňazí, bankovníctva a finančných trhov. Pôsobenie a chovanie finančných trhov. Princípy fungovania bánk. Model procesu ponuky peňazí, využívajúci teóriu dopytu po aktívach a princípy maximalizácie zisku v bankových záležitostiach. Vplyv medzinárodného obchodu a financií na peniaze, ba...
Gespeichert in:
| 1. Verfasser: | |
|---|---|
| Format: | Buchkapitel |
| Sprache: | Tschechisch |
| Schlagworte: | |
| Tags: |
Keine Tags, Fügen Sie das erste Tag hinzu!
|
MARC
| LEADER | 00000naa a2200000 4500 | ||
|---|---|---|---|
| 001 | r009597 | ||
| 005 | 20220831084302.0 | ||
| 041 | 0 | |a cze | |
| 044 | |a [CS] | ||
| 245 | 1 | 0 | |a Ekonomie peněz, bankovnictví a finančních trhů. |c F.S. Mishkin |
| 520 | |a Význam štúdia peňazí, bankovníctva a finančných trhov. Pôsobenie a chovanie finančných trhov. Princípy fungovania bánk. Model procesu ponuky peňazí, využívajúci teóriu dopytu po aktívach a princípy maximalizácie zisku v bankových záležitostiach. Vplyv medzinárodného obchodu a financií na peniaze, bankovníctvo a finančné trhy. | ||
| 610 | 2 | 0 | |a peniaze |
| 610 | 2 | 0 | |a bankovníctvo |
| 610 | 2 | 0 | |a trh finančný |
| 610 | 2 | 0 | |a banky |
| 610 | 2 | 0 | |a ponuka |
| 610 | 2 | 0 | |a dopyt |
| 610 | 2 | 0 | |a obchod medzinárodný |
| 610 | 2 | 0 | |a financie |
| 100 | 1 | |a Mishkin, F.S. | |